000 00209nam a2200085Ia 4500
008 221123s9999 xx 000 0 und d
100 _aLE CAIN ERROL
_9174553
245 0 _aHAVE YOU SEEN MY SISTER?
942 _cBK
_w561
_xJohn Tresidder
_y561
_zJohn Tresidder
999 _c741237
_d741236